Foundations of electromagnetic theory / (Record no. 178419)
[ view plain ]
| 000 -LEADER | |
|---|---|
| fixed length control field | 01586 a2200241 4500 |
| 003 - CONTROL NUMBER IDENTIFIER | |
| control field | Nust |
| 005 - DATE AND TIME OF LATEST TRANSACTION | |
| control field | 20221027121728.0 |
| 010 ## - LIBRARY OF CONGRESS CONTROL NUMBER | |
| LC control number | 78018649 |
| 020 ## - INTERNATIONAL STANDARD BOOK NUMBER | |
| International Standard Book Number | 0201063328 : |
| 040 ## - CATALOGING SOURCE | |
| Transcribing agency | Nust |
| 082 00 - DEWEY DECIMAL CLASSIFICATION NUMBER | |
| Classification number | 621.3,REI |
| 100 1# - MAIN ENTRY--PERSONAL NAME | |
| Personal name | Reitz, John R. |
| 9 (RLIN) | 101480 |
| 245 10 - TITLE STATEMENT | |
| Title | Foundations of electromagnetic theory / |
| Statement of responsibility, etc. | John R. Reitz, Frederick J. Milford, Robert W. Christy. |
| 250 ## - EDITION STATEMENT | |
| Edition statement | 3rd ed. |
| 260 ## - PUBLICATION, DISTRIBUTION, ETC. | |
| Place of publication, distribution, etc. | Reading, Mass. : |
| Name of publisher, distributor, etc. | Addison-Wesley, |
| Date of publication, distribution, etc. | c1979. |
| 300 ## - PHYSICAL DESCRIPTION | |
| Extent | x, 534 p. : |
| Other physical details | ill. ; |
| Dimensions | 25 cm. |
| 440 #0 - SERIES STATEMENT/ADDED ENTRY--TITLE | |
| Title | Addison-Wesley series in physics |
| 9 (RLIN) | 101481 |
| 505 ## - FORMATTED CONTENTS NOTE | |
| Formatted contents note | Vector Analysis (Page-1), Electrostatics (Page-26), Solution of Electrostatic Problems (Page-56), The Electrostatic Field in Dielectric Media (Page-97), Microscopic Theory of Dielectrics (Page-127), Electrostatic Energy (Page-141), Electric Current (Page-162), The Magnetic Field of Steady Currents (Page-190), Magnetic Properties of Matter (Page-218), Microscopic Theory of Magnetism (Page-256), Electromagnetic Induction (Page-271), Magnetic Energy (Page289), Slowly Varying Currents (Page-305), Physics of Plasmas (Page-341), Electromagnetic Properties of Superconductors (Page-365), Maxwell's Equations (Page-386), Propagation of Monochromatic Electromagnetic Waves (Page-412), Monochromatic Waves in Bounded Regions (Page-441), Dispersion and Oscillating Fields in Dispersive Media (Page-484), The Emission of Radiation (Page-525), Electrodynamics (Page-545), |
| 650 #0 - SUBJECT ADDED ENTRY--TOPICAL TERM | |
| Topical term or geographic name entry element | Electromagnetic theory. |
| 9 (RLIN) | 10270 |
| 700 1# - ADDED ENTRY--PERSONAL NAME | |
| Personal name | Christy, Robert W., |
| 9 (RLIN) | 101482 |
| 700 1# - ADDED ENTRY--PERSONAL NAME | |
| Personal name | Milford, Frederick J., |
| 9 (RLIN) | 101483 |
| 942 ## - ADDED ENTRY ELEMENTS (KOHA) | |
| Source of classification or shelving scheme | |
| Koha item type | Book |
| Withdrawn status | Lost status | Source of classification or shelving scheme | Damaged status | Not for loan | Permanent Location | Current Location | Shelving location | Date acquired | Full call number | Barcode | Date last seen | Price effective from | Koha item type | Public note |
|---|---|---|---|---|---|---|---|---|---|---|---|---|---|---|
| Military College of Signals (MCS) | Military College of Signals (MCS) | General Stacks | 12/12/2016 | 621.3,REI | MCS33592 | 12/08/2016 | 12/12/2016 | Book | Almirah No.28, Shelf No.4 |
